Statistiken für Schnelles Tippen Auf 100

Klicken Sie hier um das Quiz zu spielen!

Allgemein

  • Dieses Quiz wurde 829 mal gespielt
  • Das Durchschnittsergebnis liegt bei 62 aus 100

Antwortstatistiken

Nummer% Korrekt
1
100%
2
99%
3
99%
4
99%
5
99%
6
98%
7
98%
8
98%
9
98%
12
94%
10
92%
11
91%
13
91%
14
91%
15
91%
16
90%
21
90%
17
89%
18
89%
19
89%
20
87%
22
87%
23
87%
24
87%
25
87%
26
86%
27
86%
28
86%
29
84%
30
84%
31
82%
32
82%
34
80%
33
79%
35
79%
36
77%
37
77%
38
77%
41
76%
39
75%
40
75%
42
74%
43
74%
45
74%
44
72%
46
71%
47
70%
48
69%
49
68%
51
66%
50
65%
52
64%
53
62%
55
62%
56
62%
54
60%
57
59%
58
57%
59
57%
60
55%
62
55%
61
54%
63
52%
64
52%
66
51%
65
50%
67
48%
68
45%
69
43%
70
42%
71
41%
72
40%
73
40%
74
40%
75
38%
77
38%
76
37%
78
34%
80
32%
79
31%
81
31%
82
31%
88
31%
83
30%
84
30%
85
30%
86
27%
87
27%
90
27%
99
26%
89
25%
91
24%
100
23%
92
23%
93
23%
98
23%
94
22%
97
22%
96
21%
95
20%

Verteilung der Resultate

Perzentil nach korrekt beantworteten Fragen

Anzahl Personen mit jedem Resultat

Ihre Resultats-Entwicklung

Sie haben dieses Quiz noch nicht gespielt